Novelizovaný živnostenský zákon s aktualizovanými dôvodovými správami v úplnom znení

Bibliographic Details
Corporate Author: Slovensko (Author)
Format: Book
Language:Slovak
PhysicalDescription:64 s. 21 cm
Published: Bratislava Epos 2014
ISBN:9788056200438 (brož.)
Series:Novelizované zákony s dôvodovými správami v úplnom znení
Subjects:

MARC

LEADER 00000nam a2200000 a 4500
001 vtls010604328
003 SK-MaSNL
005 20260426002755.0
008 190927s2014 xo e lf 000 0 slo
015 |a SNBI2014 
020 |a 9788056200438 (brož.) 
035 |a 66190F5C-76D4-493F-85D2-B85364204D06 
035 |a urn:nbn:sk:snk-amk3bc 
035 |a urn:nbn:sk:snk-am0058fq 
040 |a SNK  |b slo  |c SNK  |e AACR2 
041 0 |a slo 
043 |a e-xo--- 
044 |a xo  |c SK 
080 |a 347.7  |x Obchodné právo. Finančné právo. Právo priemyselného vlastníctva. Patentové právo. Autorské právo  |2 konspekt 
080 |a (094.5)  |2 2001 
080 |a (035)  |2 2001 
080 |a 347.72  |2 2001 
080 |a (437.6)  |2 2001 
110 1 |a Slovensko  |4 aut  |9 266955 
240 1 0 |a Živnostenský zákon (1991, novela 2014) 
245 1 0 |a Novelizovaný živnostenský zákon s aktualizovanými dôvodovými správami v úplnom znení 
260 |a Bratislava  |b Epos  |c 2014 
300 |a 64 s.  |c 21 cm 
490 1 |a Novelizované zákony s dôvodovými správami v úplnom znení 
500 |a Špecializovaná edícia neperiodických publikácií ; predpisy pre podnikateľskú sféru ; ročník 2014 
650 0 7 |a živnostenské podnikanie  |2 SNKPH  |9 1774 
650 0 7 |a Business enterprises  |2 SNKPHeng  |9 265529 
651 7 |a Slovensko  |2 SNKPH  |9 14231 
651 7 |a Slovakia  |2 SNKPHeng  |9 92630 
655 7 |a zákony  |2 SNKPH  |9 70186 
655 7 |a príručky  |2 SNKPH  |9 74364 
655 7 |a Laws  |2 SNKPHeng  |9 266957 
655 7 |a Handbooks, manuals, etc.  |2 SNKPHeng  |9 90964 
830 0 |a Novelizované zákony s dôvodovými správami v úplnom znení  |9 293588 
919 |a 978-80-562-0043-8 
999 |c 927045  |d 928975 
952 |a SNK  |b SNK  |y PREZ  |7 0  |p 17A1112347  |o snkSC 160018  |i snk2014/14031  |8 0  |0 0  |1 0  |4 0  |d 2014-06-18  |f 1  |l 0  |r 2025-08-22 00:00:00  |w 2026-02-24 
952 |a SNK  |b SNK  |y VYP  |7 0  |p 17A1112348  |o snkSC 160018 D1  |i snk2014/14032  |8 0  |0 0  |1 0  |4 0  |d 2014-06-18  |l 0  |r 2026-02-24 08:36:52  |w 2026-02-24